The stela of Menthu-weser /

محفوظ في:

المؤلف الرئيسي: Williams, Caroline Ransom (مؤلف)

مؤلف مشترك: Metropolitan Museum of Art (New York, N.Y.)

التنسيق: كتاب

اللغة: English

الموضوعات:

الوسوم: إضافة وسم

لا توجد وسوم, كن أول من يضع وسما على هذه التسجيلة!

رقم الطلب: ( P )PJ1531 .M5 W7 1918

LEADER 00934namaa2200277 4500
001 18080
003 OSt
005 20201121081534.0
008 130303s1918 nyua g 000 0 eng d
952 |0 0  |1 0  |2 lcc  |4 0  |7 1  |9 7755  |a ARCE  |b ARCE  |d 2020-11-21  |l 0  |o ( P )PJ1531 .M5 W7 1918  |p 1018909  |r 2020-11-21 00:00:00  |w 2020-11-21  |y BK 
999 |c 15867  |d 15867 
040 |c ARCE Library 
043 |a f-ua--- 
050 0 4 |a ( P )PJ1531 .M5 W7 1918 
100 1 |a Williams, Caroline Ransom,  |e author 
245 1 4 |a The stela of Menthu-weser /  |c by Caroline L. Ransom. 
264 1 |a New York :   |b Metropolitan Museum of Art,   |c 1918. 
300 |a 39 pages :   |b illustrations ;   |c 24 cm. 
336 |a text  |b txt  |2 rdacontent 
337 |a unmediated  |b n  |2 rdamedia 
338 |a volume  |b nc  |2 rdacarrier 
650 0 |a Tombs  |z Egypt. 
650 0 |a Inscriptions, Egyptian. 
710 2 |a Metropolitan Museum of Art (New York, N.Y.) 
901 |a reviewed 
942 |c BK  |2 lcc